Loading...
| Fine Arts - Classical Music | 6 | 18.33 | 100% | 67% | 17% |
| Fine Arts - Other Fine Arts | 5 | 20.00 | 100% | 100% | 0% |
| Fine Arts - Visual Fine Arts | 7 | 22.86 | 100% | 86% | 43% |
| Geography/Current Events | 4 | 10.00 | 50% | 25% | 25% |
| History - American History | 5 | 20.00 | 100% | 80% | 20% |
| History - European History | 2 | 20.00 | 100% | 50% | 50% |
| History - Other History | 4 | 20.00 | 100% | 75% | 25% |
| History - World History | 4 | 27.50 | 100% | 100% | 75% |
| Literature - American Literature | 5 | 26.00 | 100% | 80% | 80% |
| Literature - British Literature | 7 | 28.57 | 100% | 100% | 86% |
| Literature - European Literature | 4 | 27.50 | 100% | 100% | 75% |
| Literature - World/Other Literature | 6 | 26.67 | 100% | 100% | 67% |
| Mythology | 7 | 21.43 | 100% | 57% | 57% |
| Other Academic | 2 | 20.00 | 100% | 100% | 0% |
| Philosophy | 7 | 27.14 | 100% | 86% | 86% |
| Pop Culture | 1 | 20.00 | 100% | 100% | 0% |
| Religion | 7 | 14.29 | 100% | 43% | 0% |
| Science - Biology | 7 | 11.43 | 86% | 29% | 0% |
| Science - Chemistry | 7 | 12.86 | 86% | 43% | 0% |
| Science - Other Science | 10 | 14.00 | 100% | 40% | 0% |
| Science - Physics | 5 | 16.00 | 100% | 60% | 0% |
| Social Science | 8 | 15.00 | 100% | 25% | 25% |